[Event "31st International Chess Tournament – Voivoda Cup"]
[Site "Legnica, LETIA "]
[Date "1899-12-30"]
[Round "1.1"]
[White "Simacek, Pavel"]
[Black "Sieciechowicz, Marcin"]
[Result "1/2-1/2"]
[WhiteTitle "IM"]
[BlackTitle "IM"]
[WhiteElo "2454"]
[BlackElo "2446"]

1. d4 Nf6 2. c4 g6 3. Nc3 d5 4. cxd5 Nxd5 5. Bd2 Bg7 6. e4 Nxc3 7. Bxc3 c5 8. d5
Bxc3+ 9. bxc3 Qd6 10. Qd2 O-O 11. h4 h5 12. Nf3 Bg4 13. e5 Qc7 14. d6 exd6 15.
exd6 Re8+ 16. Be2 Qd7 17. O-O Nc6 18. Rfe1 Rad8 19. Rad1 Re6 20. Ng5 Rxd6 21.
Qxd6 Qxd6 22. Rxd6 Rxd6 23. Ne4 Re6 24. f3 Bf5 25. Nxc5 Re3 26. Nxb7 Rxc3 27.
a4 Nd4 28. Bf1 Be6 29. Nd8 Bb3 30. Re7 Rc8 31. Rd7 Nf5 32. Bb5 Rc1+ 33. Kh2 Nxh4
34. Nc6 Ra1 35. Nd4 Bxa4 36. Rxa7 Bxb5 37. Rxa1 Bd3 38. Ra3 Bb1 39. Rb3 Nf5 40.
Ne2 Ba2 41. Ra3 Bc4 42. Nf4 Kg7 43. Ra4 Bb3 44. Ra5 Kf6 45. Kg1 Bc4 46. Rc5 Bb3
47. Kf2 h4 48. Ne2 Be6 49. Nc3 Ng3 50. Ke3 h3 51. gxh3 Bxh3 52. Nd5+ Kg7 53. Kf4
Nh5+ 54. Ke5 Be6 55. Nc7 Bd7 56. Rd5 Bc6 57. Rd3 Ba4 58. Ra3 Bd7 59. Ra6 Ng3 60.
Kd6 Bc8 61. Rb6 Nf5+ 62. Ke5 Bd7 63. Nd5 Nh4 64. f4 Be6 65. Nc7 Bd7 66. Rd6 Ba4
67. Ra6 Bd7 68. Kd6 Bc8 69. Ra7 Nf5+ 70. Ke5 Ne3 71. Ne8+ Kf8 72. Nf6 Kg7 73.
Ne4 Ng4+ 74. Kd6 Be6 75. Ke7 Ne3 76. Ke8 Nd5 77. Ng5 Nxf4 78. Nxe6+ Nxe6 79. Rxf7+
Kh6 80. Rf1 Ng7+ 81. Kf7 Nh5 82. Rh1 g5 83. Rg1 Nf4 84. Kf6 Nh5+ 85. Kf5 Ng7+
86. Kg4 Kg6 87. Re1 Kf6 88. Ra1 Ne6 89. Rf1+ Ke7 90. Kf5 Nd8 91. Kxg5 Kd7 92.
Kf6 Ke8 93. Rd1 Nc6 94. Ke6 Nd8+ 95. Kd6 Nf7+ 96. Kc7 Ke7 97. Re1+ Kf6 98. Kd7
Ne5+ 99. Kd6 Nf7+ 100. Kd5 Nd8 101. Rf1+ Ke7 102. Rf2 Nf7 103. Rxf7+ Kxf7 104.
Ke4 1/2-1/2

[Event "31st International Chess Tournament – Voivoda Cup"]
[Site "Legnica, LETIA "]
[Date "1899-12-30"]
[Round "1.2"]
[White "Warakomski, Tomasz"]
[Black "Stupak, Kirill"]
[Result "1/2-1/2"]
[WhiteTitle "IM"]
[BlackTitle "GM"]
[WhiteElo "2474"]
[BlackElo "2545"]

1. d4 Nf6 2. Nf3 e6 3. Bg5 c5 4. e3 Be7 5. Nbd2 cxd4 6. exd4 b6 7. Bd3 Bb7 8. O-O
h6 9. Bh4 O-O 10. Re1 d6 11. c3 Nbd7 12. a4 Rb8 13. h3 Nh5 14. Bxe7 Qxe7 15. c4
Nf4 16. Bf1 a5 17. g3 Ng6 18. Bd3 f5 19. d5 Nge5 20. Bf1 exd5 21. cxd5 Bxd5 22.
Bg2 Qf7 23. Nxe5 dxe5 24. Bxd5 Qxd5 25. Nf3 Qxd1 26. Raxd1 Rbd8 27. Rd6 e4 28.
Nh4 Ne5 29. Red1 Rxd6 30. Rxd6 g5 31. Rd5 Nd3 32. Nxf5 Nxb2 33. Nxh6+ Kh7 34.
Nf5 Nxa4 35. Ne3 Kg6 36. h4 gxh4 37. gxh4 Rf4 38. h5+ Kf7 39. Nc4 Rg4+ 40. Kf1
Rh4 41. Rb5 Nc3 42. Rxb6 Rxh5 43. Ra6 a4 44. Nd6+ Ke7 45. Nxe4 Nxe4 46. Rxa4 Nf6
47. Ra6 Kf7 48. Ke2 Rd5 49. Ra3 Ne4 50. Ra6 Nd6 51. Ra3 Kf6 52. f4 Nb5 53. Rd3
Rh5 54. Kf2 Nc7 55. Kg3 Rh7 56. Ra3 Ne6 57. Ra6 Rb7 58. Kg4 Rb3 59. Ra4 Rb1 60.
Ra6 Rc1 61. Rb6 Rc4 62. Kg3 Kf5 63. Rb5+ Nc5 64. Kf3 Rc3+ 65. Ke2 Kxf4 66. Rb8
Rc2+ 67. Kd1 Rh2 68. Re8 Ne4 69. Kc1 Ke3 70. Rd8 Nc5 71. Kb1 Rg2 72. Rc8 Nd3 73.
Ka1 Kd4 74. Rc7 Rg8 75. Kb1 Nc5 76. Kc2 Rg2+ 77. Kb1 Rh2 78. Rc8 Rh1+ 79. Kc2
Rh2+ 80. Kb1 Nd3 81. Ka1 Rh7 82. Kb1 Rb7+ 83. Kc2 Rb2+ 84. Kd1 Nf2+ 85. Kc1 Re2
86. Rd8+ Ke3 87. Re8+ Ne4 88. Rd8 Rg2 89. Re8 Rg1+ 90. Kc2 Rg2+ 91. Kc1 Rg1+ 92.
Kc2 Rg2+ 1/2-1/2

[Event "31st International Chess Tournament – Voivoda Cup"]
[Site "Legnica, LETIA "]
[Date "1899-12-30"]
[Round "1.3"]
[White "Sabuk, Piotr"]
[Black "Donchenko, Alexander"]
[Result "0-1"]
[WhiteTitle "k+"]
[BlackTitle "GM"]
[WhiteElo "2407"]
[BlackElo "2582"]

1. d4 Nf6 2. c4 e6 3. g3 c5 4. d5 exd5 5. cxd5 d6 6. Nc3 g6 7. Bg2 Bg7 8. Nf3 O-O
9. O-O Re8 10. Bf4 Bf5 11. Nd2 Nh5 12. e4 Nxf4 13. gxf4 Bd7 14. Nc4 Bxc3 15. bxc3
Bb5 16. Qb3 Bxc4 17. Qxc4 Nd7 18. Qd3 Nf6 19. Bf3 Re7 20. Rae1 Qf8 21. e5 Rae8
22. Re3 dxe5 23. d6 Re6 24. fxe5 Nd7 25. Bd5 Rxe5 26. Rf3 Rg5+ 27. Rg3 Ne5 28.
Qe3 Rf5 29. Qxc5 b6 30. Qc7 Rd8 31. Qxa7 Rxd6 32. c4 b5 33. Be4 Rf4 34. Qe3 Qh6
35. cxb5 Ng4 36. Rxg4 Rxg4+ 37. Bg2 Qh5 38. b6 Qb5 39. h3 Rg5 40. b7 Rxg2+ 41.
Kxg2 Qxb7+ 42. f3 Rd5 43. Rf2 Qb4 44. Rc2 Qh4 45. f4 Qf6 46. Rd2 Qd6 47. Re2 Kg7
48. Qc3+ Kh6 49. Qe3 Rd3 50. Qe5 Qc6+ 51. Kh2 Qf3 52. Qg5+ Kg7 53. Qg4 Qf1 54.
Rg2 Rd4 55. Rg1 Qc4 56. Rg2 Rxf4 57. Qe2 Qc7 58. Kg1 Qc5+ 59. Rf2 Qxf2+ 60. Qxf2
Rxf2 61. Kxf2 Kf6 62. Kf3 Ke5 63. a4 f5 64. a5 Kd6 65. Kf4 Kc6 66. h4 h5 67. Kg5
Kb5 68. Kxg6 f4 0-1

[Event "31st International Chess Tournament – Voivoda Cup"]
[Site "Legnica, LETIA "]
[Date "1899-12-30"]
[Round "1.4"]
[White "Kovalev, Andrei"]
[Black "Gajek, Radoslaw"]
[Result "0-1"]
[WhiteTitle "GM"]
[BlackTitle "IM"]
[WhiteElo "2537"]
[BlackElo "2426"]

1. e4 e6 2. d4 d5 3. Nc3 dxe4 4. Nxe4 Nd7 5. Nf3 Ngf6 6. Bd3 c5 7. O-O Nxe4 8.
Bxe4 Nf6 9. Bg5 Be7 10. Bxf6 gxf6 11. Re1 f5 12. Bd3 cxd4 13. Nxd4 O-O 14. c3
Bf6 15. Re3 Bxd4 16. cxd4 Qxd4 17. Rh3 Rd8 18. Qh5 Qf6 19. Qxh7+ Kf8 20. Re1 Bd7
21. Rg3 f4 22. Rg8+ Ke7 23. Rxd8 Rxd8 24. Qe4 Bc6 25. Qb4+ Rd6 26. Be4 a5 27.
Qxa5 Bxe4 28. Rxe4 Qf5 0-1

[Event "31st International Chess Tournament – Voivoda Cup"]
[Site "Legnica, LETIA "]
[Date "1899-12-30"]
[Round "1.5"]
[White "Stachowiak, Kamil"]
[Black "Kanarek, Marcel"]
[Result "1/2-1/2"]
[WhiteTitle "IM"]
[BlackTitle "IM"]
[WhiteElo "2440"]
[BlackElo "2519"]

1. d4 Nf6 2. c4 g6 3. Nf3 Bg7 4. g3 O-O 5. Bg2 d6 6. O-O Nc6 7. Nc3 e5 8. h3 Nxd4
9. Nxd4 exd4 10. Qxd4 Nd7 11. Qd2 Nc5 12. b3 c6 13. Bb2 a5 14. Rad1 a4 15. Ba3
Be6 16. Bxc5 dxc5 17. Nxa4 Qa5 18. Qxa5 Rxa5 19. Rd2 Rfa8 20. Rc1 f5 21. e3 g5
22. Rcd1 Bf6 23. Nb6 R8a6 24. Nd7 Kf7 25. Nxf6 Kxf6 26. a4 Rb6 27. Rd3 Rb4 28.
e4 f4 29. e5+ Ke7 30. gxf4 gxf4 31. Rf3 Ra8 32. Kh2 Rb6 33. Rxf4 Rxb3 34. Rh4
Bf5 35. Rf4 Be6 36. Rh4 Bf5 37. Rf4 Be6 1/2-1/2

[Event "31st International Chess Tournament – Voivoda Cup"]
[Site "Legnica, LETIA "]
[Date "1899-12-30"]
[Round "2.1"]
[White "Sieciechowicz, Marcin"]
[Black "Kanarek, Marcel"]
[Result "0-1"]
[WhiteTitle "IM"]
[BlackTitle "IM"]
[WhiteElo "2446"]
[BlackElo "2519"]

1. d4 Nf6 2. c4 g6 3. Nc3 Bg7 4. e4 d6 5. f4 O-O 6. Nf3 c5 7. dxc5 dxc5 8. Bd3
Nc6 9. O-O Nh5 10. e5 f6 11. exf6 Rxf6 12. Be4 Rd6 13. Qe1 Nf6 14. Bxc6 Rxc6 15.
Ne5 Re6 16. Be3 b6 17. Rd1 Rd6 18. Nb5 Rxd1 19. Qxd1 Bb7 20. Qxd8+ Rxd8 21. a3
a5 22. Nc3 Ne4 23. Nxe4 Bxe4 24. Re1 Bc2 25. Re2 Bb3 26. Rd2 Rd6 27. Kf2 g5 28.
g3 g4 29. Ke2 h5 30. Rd3 a4 31. Kd2 Bf6 32. Kc3 Kf8 33. Rd2 Ke8 34. Rd3 Kd8 35.
Rd2 Kc8 36. Rd3 Bg7 37. Rd2 Kd8 38. Rd3 Ke8 39. Rd2 Kf8 40. Rd3 Bh8 41. Rd2 Kg7
42. Rd3 Kf6 43. Kd2 Kf5 44. Ke2 Re6 45. Rd8 Bxe5 46. fxe5 Bxc4+ 47. Kd2 Kxe5 48.
Rh8 Ke4 49. Bf4 Kf3 50. Rxh5 Re2+ 51. Kc3 Bb3 52. Bd2 e5 53. Rh6 e4 54. Rf6+ Kg2
55. Rf8 e3 56. Kd4 0-1

[Event "31st International Chess Tournament – Voivoda Cup"]
[Site "Legnica, LETIA "]
[Date "1899-12-30"]
[Round "2.3"]
[White "Donchenko, Alexander"]
[Black "Kovalev, Andrei"]
[Result "1-0"]
[WhiteTitle "GM"]
[BlackTitle "GM"]
[WhiteElo "2582"]
[BlackElo "2537"]

1. d4 Nf6 2. c4 g6 3. Nf3 Bg7 4. g3 O-O 5. Bg2 d6 6. Nc3 Nc6 7. O-O e5 8. d5 Nb8
9. e4 a5 10. Ne1 Na6 11. Rb1 Nc5 12. f3 Ne8 13. Nd3 b6 14. b3 f5 15. Nf2 f4 16.
Bh3 h5 17. Bxc8 Qxc8 18. gxf4 exf4 19. Ne2 Be5 20. Kh1 Kh7 21. Rg1 Qd8 22. Qf1
Qh4 23. Qg2 Qf6 24. Bxf4 Bxf4 25. Nxf4 g5 26. N4h3 Rg8 27. Nxg5+ Kh8 28. f4 Ng7
29. e5 Qf5 30. e6 Raf8 31. Nfh3 Nd3 32. Rbf1 b5 33. Rf3 bxc4 34. bxc4 Nc5 35.
Rg3 1-0

[Event "31st International Chess Tournament – Voivoda Cup"]
[Site "Legnica, LETIA "]
[Date "1899-12-30"]
[Round "2.4"]
[White "Stupak, Kirill"]
[Black "Sabuk, Piotr"]
[Result "0-1"]
[WhiteTitle "GM"]
[BlackTitle "k+"]
[WhiteElo "2545"]
[BlackElo "2407"]

1. Nf3 d5 2. g3 Nf6 3. Bg2 c6 4. c4 Bf5 5. cxd5 cxd5 6. Qb3 Qb6 7. Qxb6 axb6 8.
Nc3 Bd7 9. d3 e6 10. e4 Bc6 11. Nd4 dxe4 12. dxe4 Bb4 13. Nxc6 bxc6 14. Bd2 e5
15. a3 Nbd7 16. Rc1 Bd6 17. Ke2 Ke7 18. Be3 Bc5 19. Nb1 Bxe3 20. Kxe3 Nc5 21.
f3 Rhc8 22. Nd2 Nfd7 23. Nc4 b5 24. Nd2 Ne6 25. Bh3 c5 26. Nb1 Nb6 27. b3 b4 28.
Bxe6 Kxe6 29. axb4 cxb4 30. Nd2 h5 31. Rxc8 Rxc8 32. Ra1 Rc3+ 33. Ke2 Kd6 34.
Ra6 Rc6 35. Kd1 f6 36. f4 Nd7 37. Ra4 exf4 38. gxf4 g5 39. e5+ Ke6 40. Rxb4 g4
41. Rb7 Nc5 42. Rh7 Nd3 43. Ne4 fxe5 44. fxe5 Kxe5 45. Ng3 Kd4 46. Rxh5 Ra6 47.
Nf5+ Kc3 0-1

[Event "31st International Chess Tournament – Voivoda Cup"]
[Site "Legnica, LETIA "]
[Date "1899-12-30"]
[Round "2.5"]
[White "Simacek, Pavel"]
[Black "Warakomski, Tomasz"]
[Result "0-1"]
[WhiteTitle "IM"]
[BlackTitle "IM"]
[WhiteElo "2454"]
[BlackElo "2474"]

1. e4 Nf6 2. Nc3 d5 3. exd5 Nxd5 4. Bc4 Nxc3 5. Qf3 e6 6. Qxc3 c5 7. Bb5+ Bd7 8.
Bxd7+ Qxd7 9. Nf3 Nc6 10. b3 f6 11. O-O Be7 12. Bb2 e5 13. Qc4 O-O-O 14. a3 Kb8
15. Bc3 g5 16. b4 Qd5 17. Qxd5 Rxd5 18. bxc5 Bxc5 19. Rfb1 e4 20. Ne1 Rf5 21.
g4 Rxf2 22. Rb5 Rf5+ 23. Kg2 Rd5 24. d4 Bxd4 25. Rxd5 Bxc3 26. Rb1 Be5 27. Rc5
Nd4 28. Rc4 h5 29. Rd1 Ne2 30. gxh5 Nc3 31. Rd7 b5 32. Rc6 Rxh5 33. Re6 Rxh2+
34. Kf1 Kc8 35. Rxa7 Kd8 36. Ree7 Bg3 37. Rh7 Rf2+ 38. Kg1 Ne2+ 39. Kh1 Rf1+ 40.
Kg2 Rg1+ 41. Kh3 Nf4+ 42. Kg4 Bf2+ 0-1

[Event "31st International Chess Tournament – Voivoda Cup"]
[Site "Legnica, LETIA "]
[Date "1899-12-30"]
[Round "3.1"]
[White "Warakomski, Tomasz"]
[Black "Sieciechowicz, Marcin"]
[Result "1-0"]
[WhiteTitle "IM"]
[BlackTitle "IM"]
[WhiteElo "2474"]
[BlackElo "2446"]

1. Nf3 Nf6 2. c4 g6 3. Nc3 d5 4. cxd5 Nxd5 5. Qa4+ c6 6. Qd4 f6 7. e4 e5 8. Nxe5
Nxc3 9. Qxc3 Qe7 10. Nf3 Qxe4+ 11. Kd1 Nd7 12. Bc4 Kd8 13. d3 Qg4 14. Rg1 Bd6
15. h3 Qh5 16. Be3 Kc7 17. Kc2 Re8 18. Rae1 Re7 19. Bf4 Rxe1 20. Bxd6+ Kxd6 21.
Qd4+ Kc7 22. Rxe1 b5 23. Be6 Qc5+ 24. Qxc5 Nxc5 25. Bxc8 Rxc8 26. Re7+ Kb6 27.
Rxh7 Re8 28. Kd2 Rd8 29. Ne1 Re8 30. Rf7 Re6 31. h4 b4 32. b3 a5 33. g4 a4 34.
bxa4 Nxa4 35. Nc2 c5 36. Ne3 Nc3 37. h5 gxh5 38. gxh5 Re8 39. h6 Ra8 40. a3 Nb1+
41. Kc1 Nxa3 42. h7 Kc6 43. Rxf6+ Kd7 44. Rg6 Rh8 45. Nd5 1-0

[Event "31st International Chess Tournament – Voivoda Cup"]
[Site "Legnica, LETIA "]
[Date "1899-12-30"]
[Round "3.2"]
[White "Sabuk, Piotr"]
[Black "Simacek, Pavel"]
[Result "1-0"]
[WhiteTitle "k+"]
[BlackTitle "IM"]
[WhiteElo "2407"]
[BlackElo "2454"]

1. d4 Nf6 2. c4 e6 3. g3 c5 4. d5 exd5 5. cxd5 d6 6. Nc3 g6 7. Bg2 Bg7 8. Nf3 O-O
9. O-O Re8 10. Bf4 Na6 11. Nd2 Nh5 12. Be3 Rb8 13. a4 Nb4 14. Nc4 Bf5 15. Rc1
a6 16. a5 g5 17. Na4 Bf8 18. Bf3 Bg6 19. Bd2 h6 20. Qb3 Qd7 21. Rfe1 Nf6 22. Nab6
Qb5 23. Bc3 Nh7 24. Qd1 Na2 25. Ra1 Nxc3 26. bxc3 Rbd8 27. e4 Re7 28. e5 dxe5
29. d6 Re6 30. Bd5 Rf6 31. d7 Bf5 32. Rxe5 Bg7 33. Na3 Qxa5 34. Re8+ Nf8 35. Nac4
Qxc3 36. Rc1 Qxc1 37. Qxc1 Rxd7 38. Nxd7 Bxd7 39. Re7 Rf5 40. Ne3 1-0

[Event "31st International Chess Tournament – Voivoda Cup"]
[Site "Legnica, LETIA "]
[Date "1899-12-30"]
[Round "3.3"]
[White "Kovalev, Andrei"]
[Black "Stupak, Kirill"]
[Result "1/2-1/2"]
[WhiteTitle "GM"]
[BlackTitle "GM"]
[WhiteElo "2537"]
[BlackElo "2545"]

1. e4 e6 2. d4 d5 3. exd5 exd5 4. Bd3 Bd6 5. Ne2 Nf6 6. Bf4 O-O 7. O-O Bg4 8. f3
Bh5 9. c3 Bg6 10. Bxd6 Qxd6 11. Na3 c6 12. Nc2 Nbd7 13. Qd2 Rfe8 14. Rae1 Re7
15. Bxg6 hxg6 16. Qf4 Qxf4 17. Nxf4 Rae8 18. Rxe7 Rxe7 19. Re1 Kf8 20. h4 Rxe1+
21. Nxe1 Ke7 22. Ned3 Ne8 23. Kf2 Nc7 24. Ke3 Ne6 25. Nxe6 Kxe6 26. g4 b6 27.
Nf4+ Ke7 28. Kd3 Nf8 29. Ke3 Nd7 30. Kd3 Nf8 1/2-1/2

[Event "31st International Chess Tournament – Voivoda Cup"]
[Site "Legnica, LETIA "]
[Date "1899-12-30"]
[Round "3.4"]
[White "Stachowiak, Kamil"]
[Black "Donchenko, Alexander"]
[Result "1/2-1/2"]
[WhiteTitle "IM"]
[BlackTitle "GM"]
[WhiteElo "2440"]
[BlackElo "2582"]

1. d4 d5 2. Nf3 Nf6 3. c4 dxc4 4. e3 e6 5. Bxc4 c5 6. O-O a6 7. a4 Nc6 8. Nc3 Be7
9. Qe2 Qc7 10. Rd1 O-O 11. h3 b6 12. dxc5 bxc5 13. Bd2 Bb7 14. Be1 Nd7 15. a5
Nce5 16. Nxe5 Nxe5 17. Na4 Nxc4 18. Qxc4 Rad8 19. Nb6 Rxd1 20. Rxd1 Rd8 21. Rxd8+
Qxd8 22. Qc2 Bd6 23. f4 Qe8 24. Qa4 Qb5 25. Qc2 h6 26. Bc3 Bc7 27. Qd1 f6 28.
Qg4 Kh7 29. Bxf6 gxf6 30. Qxe6 Qc6 31. Qf7+ 1/2-1/2

[Event "31st International Chess Tournament – Voivoda Cup"]
[Site "Legnica, LETIA "]
[Date "1899-12-30"]
[Round "3.5"]
[White "Kanarek, Marcel"]
[Black "Gajek, Radoslaw"]
[Result "1-0"]
[WhiteTitle "IM"]
[BlackTitle "IM"]
[WhiteElo "2519"]
[BlackElo "2426"]

1. e4 c5 2. Nf3 e6 3. d4 cxd4 4. Nxd4 Nc6 5. Nc3 a6 6. Be2 Nf6 7. Nxc6 bxc6 8.
e5 Nd5 9. Ne4 Qc7 10. Nd6+ Bxd6 11. exd6 Qb6 12. c4 Nf6 13. O-O c5 14. Bg5 Bb7
15. Bf3 O-O 16. b3 Ne4 17. Be7 Rfb8 18. Re1 f5 19. Re3 a5 20. a4 Ra6 21. Bxe4
Bxe4 22. Qh5 Qb7 23. f4 Rb6 24. Ra3 Rb4 25. Qg5 Qc8 26. Rg3 g6 27. h4 e5 28. h5
exf4 29. hxg6 fxg3 30. Qh6 1-0

[Event "31st International Chess Tournament – Voivoda Cup"]
[Site "Legnica, LETIA "]
[Date "1899-12-30"]
[Round "4.1"]
[White "Sieciechowicz, Marcin"]
[Black "Gajek, Radoslaw"]
[Result "1-0"]
[WhiteTitle "IM"]
[BlackTitle "IM"]
[WhiteElo "2446"]
[BlackElo "2426"]

1. d4 Nf6 2. c4 e6 3. Nf3 b6 4. Bf4 Bb7 5. e3 Bb4+ 6. Nbd2 O-O 7. h3 d6 8. Be2
Nbd7 9. O-O e5 10. Bg3 Bxd2 11. Nxd2 exd4 12. exd4 Ne4 13. Nxe4 Bxe4 14. Qd2 Re8
15. Rfe1 Qf6 16. Bg4 Nf8 17. Re3 Bc6 18. Rae1 Rxe3 19. Rxe3 Ng6 20. d5 Be8 21.
b4 h6 22. Qe2 Kf8 23. c5 bxc5 24. bxc5 Nf4 25. Bxf4 Qxf4 26. c6 f5 27. Bxf5 1-0

[Event "31st International Chess Tournament – Voivoda Cup"]
[Site "Legnica, LETIA "]
[Date "1899-12-30"]
[Round "4.2"]
[White "Donchenko, Alexander"]
[Black "Kanarek, Marcel"]
[Result "1/2-1/2"]
[WhiteTitle "GM"]
[BlackTitle "IM"]
[WhiteElo "2582"]
[BlackElo "2519"]

1. d4 Nf6 2. Nf3 g6 3. g3 Bg7 4. Bg2 O-O 5. O-O d6 6. b3 a5 7. a4 Nc6 8. Bb2 e5
9. dxe5 Ng4 10. Qc1 Ngxe5 11. Nxe5 Bxe5 12. Bxe5 Nxe5 13. Nc3 c6 14. Qf4 f5 15.
Rad1 Qf6 16. Qd4 d5 17. e3 Be6 18. Ne2 Bf7 19. Nf4 Qe7 20. Nd3 Rfe8 21. Nxe5 Qxe5
22. c4 Qxd4 23. Rxd4 dxc4 24. bxc4 Rad8 25. Rc1 Rxd4 26. exd4 Rd8 27. d5 cxd5
28. cxd5 Rd6 29. f4 Kf8 30. Kf2 Ke7 31. Rb1 Bxd5 32. Bxd5 Rxd5 33. Rxb7+ Ke6 34.
Ke3 h6 35. Rb6+ Kf7 36. Ra6 Kg7 37. Rc6 Kf7 38. Rb6 Rc5 39. Kd3 Rc1 40. Rb5 Rh1
41. Rxa5 Rxh2 42. Ra7+ Kf6 43. Ra6+ 1/2-1/2

[Event "31st International Chess Tournament – Voivoda Cup"]
[Site "Legnica, LETIA "]
[Date "1899-12-30"]
[Round "4.3"]
[White "Stupak, Kirill"]
[Black "Stachowiak, Kamil"]
[Result "1-0"]
[WhiteTitle "GM"]
[BlackTitle "IM"]
[WhiteElo "2545"]
[BlackElo "2440"]

1. g3 Nf6 2. Bg2 c5 3. Nf3 g6 4. O-O Bg7 5. c4 Nc6 6. d4 cxd4 7. Nxd4 O-O 8. Nc3
Nxd4 9. Qxd4 d6 10. Qd3 a6 11. Bd2 Rb8 12. c5 Bf5 13. e4 dxc5 14. Qxd8 Rbxd8 15.
Bg5 Be6 16. e5 Nd5 17. Bxd5 Bxd5 18. Bxe7 Bxe5 19. Bxd8 Rxd8 20. Nxd5 Rxd5 21.
Rad1 Bd4 22. Rfe1 Kf8 23. Kg2 a5 24. Re3 b5 25. b3 b4 26. Re2 Rd8 27. Re5 Rd6
28. Re4 a4 29. Kf3 axb3 30. axb3 f5 31. Re2 Ra6 32. Rde1 Ra3 33. Kf4 Rxb3 34.
Kg5 1-0

[Event "31st International Chess Tournament – Voivoda Cup"]
[Site "Legnica, LETIA "]
[Date "1899-12-30"]
[Round "4.4"]
[White "Simacek, Pavel"]
[Black "Kovalev, Andrei"]
[Result "0-1"]
[WhiteTitle "IM"]
[BlackTitle "GM"]
[WhiteElo "2454"]
[BlackElo "2537"]

1. e4 c5 2. Nf3 e6 3. c3 d5 4. e5 d4 5. cxd4 cxd4 6. b3 Nc6 7. Bb2 Nge7 8. Na3
Ng6 9. Bb5 Bd7 10. Nc4 a6 11. Bxc6 Bxc6 12. O-O Nf4 13. d3 Rc8 14. Bc1 g5 15.
Bxf4 gxf4 16. Rc1 Bb4 17. a3 Be7 18. b4 O-O 19. Qd2 Bxf3 20. gxf3 Kh8 21. Kh1
b5 22. Na5 Rc3 23. Rg1 Rxc1 24. Qxc1 Bg5 25. Qc6 Bh6 26. Nb7 Qh4 27. Rg2 Qh5 28.
Qe4 Bg7 29. Nc5 Rd8 30. Qxf4 Bxe5 31. Qe4 Rc8 32. Qb7 Rg8 33. Qe4 Rxg2 34. Kxg2
Qxh2+ 35. Kf1 h5 36. Nd7 Bg7 37. f4 Qh3+ 38. Ke2 Qg4+ 39. Kf1 h4 40. Ne5 Bxe5
41. Qxe5+ Kg8 42. Qb8+ Kh7 43. Qc7 Qg6 44. f5 Qxf5 45. Kg1 Kg7 46. Kg2 Qg4+ 47.
Kh2 h3 48. Qe5+ Kg6 0-1

[Event "31st International Chess Tournament – Voivoda Cup"]
[Site "Legnica, LETIA "]
[Date "1899-12-30"]
[Round "4.5"]
[White "Warakomski, Tomasz"]
[Black "Sabuk, Piotr"]
[Result "1-0"]
[WhiteTitle "IM"]
[BlackTitle "k+"]
[WhiteElo "2474"]
[BlackElo "2407"]

1. c4 e6 2. Nc3 d5 3. d4 Be7 4. Bf4 Nf6 5. e3 O-O 6. a3 b6 7. Nb5 Na6 8. Rc1 c6
9. Nc3 Bb7 10. Nf3 c5 11. cxd5 exd5 12. Be2 Nc7 13. dxc5 bxc5 14. O-O Ne6 15.
Be5 Qb6 16. Na4 Qa5 17. Bc3 Qc7 18. Nxc5 Nxc5 19. Bxf6 Bxf6 20. b4 Be7 21. bxc5
Bxc5 22. Qc2 Rfc8 23. Ng5 g6 24. Bg4 Qd8 25. Bxc8 Rxc8 26. Qb2 Ba6 27. Qh8+ Kxh8
28. Nxf7+ Kg7 29. Nxd8 Rxd8 30. Rxc5 Bxf1 31. Kxf1 Rd7 32. Ke2 Kf6 33. f3 Ke6
34. Rc6+ Ke5 35. f4+ Kf5 36. Kf3 h5 37. h4 1-0

[Event "31st International Chess Tournament – Voivoda Cup"]
[Site "Legnica, LETIA "]
[Date "1899-12-30"]
[Round "5.1"]
[White "Sabuk, Piotr"]
[Black "Sieciechowicz, Marcin"]
[Result "1-0"]
[WhiteTitle "k+"]
[BlackTitle "IM"]
[WhiteElo "2407"]
[BlackElo "2446"]

1. d4 Nf6 2. c4 g6 3. Nc3 d5 4. Nf3 Bg7 5. Bf4 O-O 6. e3 c5 7. dxc5 Qa5 8. Rc1
dxc4 9. Bxc4 Qxc5 10. Bb3 Nc6 11. O-O Qh5 12. Nd5 Nxd5 13. Bxd5 Bxb2 14. Rb1 Bf6
15. Rb5 Qg4 16. h3 Qd7 17. Qb3 e6 18. Be4 Rd8 19. Rc1 Qe8 20. Bc7 Rd7 21. Bg3
Qd8 22. Kh2 a5 23. Rbc5 a4 24. Qb5 a3 25. h4 Kg7 26. Qc4 Ra6 27. Qb3 Qb6 28. Rb5
Qa7 29. h5 Ra5 30. Bf4 gxh5 31. Rg1 Qa6 32. Rxa5 Qxa5 33. g4 h4 34. g5 Bb2 35.
Rg4 e5 36. Rxh4 exf4 37. Rxh7+ Kf8 38. exf4 Qb4 39. Qc2 Qc3 40. Qa4 Bc1 41. f5
Ne7 42. f6 Ng8 43. Rh8 Bxg5 44. Nxg5 Qe5+ 45. Kh1 Qa1+ 46. Kg2 1-0

[Event "31st International Chess Tournament – Voivoda Cup"]
[Site "Legnica, LETIA "]
[Date "1899-12-30"]
[Round "5.2"]
[White "Kovalev, Andrei"]
[Black "Warakomski, Tomasz"]
[Result "1/2-1/2"]
[WhiteTitle "GM"]
[BlackTitle "IM"]
[WhiteElo "2537"]
[BlackElo "2474"]

1. e4 Nf6 2. e5 Nd5 3. d4 d6 4. Nf3 dxe5 5. Nxe5 c6 6. Be2 Nd7 7. Nf3 N7f6 8. O-O
Bf5 9. c4 Nb4 10. Nc3 Nc2 11. Rb1 Nb4 12. Ra1 Nc2 13. Rb1 Nb4 14. Ra1 Nc2 1/2-1/2

[Event "31st International Chess Tournament – Voivoda Cup"]
[Site "Legnica, LETIA "]
[Date "1899-12-30"]
[Round "5.3"]
[White "Stachowiak, Kamil"]
[Black "Simacek, Pavel"]
[Result "0-1"]
[WhiteTitle "IM"]
[BlackTitle "IM"]
[WhiteElo "2440"]
[BlackElo "2454"]

1. d4 Nf6 2. c4 c5 3. d5 e6 4. Nc3 exd5 5. cxd5 d6 6. e4 g6 7. h3 Bg7 8. Nf3 O-O
9. Bd3 Re8 10. O-O c4 11. Bxc4 Nxe4 12. Nxe4 Rxe4 13. Bd3 Re8 14. Bg5 Qa5 15.
Re1 Bd7 16. Qb3 Na6 17. Bd2 Qb6 18. Bxa6 Qxa6 19. Bc3 Qb5 20. Bxg7 Rxe1+ 21. Rxe1
Qxb3 22. axb3 Kxg7 23. Nd2 b5 24. Ra1 Kf6 25. Ne4+ Ke5 26. Nc3 f5 27. b4 Kd4 28.
Ra6 Kc4 29. Rxd6 Rd8 30. Ra6 Kxb4 31. Rxa7 Kb3 32. Rb7 b4 33. Ne2 Kc4 34. Nf4
Ba4 35. h4 h6 36. Rc7+ Kb3 37. Rb7 Kc4 38. Nxg6 Rxd5 39. f4 Kb3 40. Ne5 Bb5 41.
g4 fxg4 42. Nxg4 Bd3 43. Ne5 Be4 44. Rb6 Rd2 45. Rxh6 Rg2+ 46. Kf1 Rxb2 47. Rb6
Kc3 48. Nc6 b3 49. Na5 Bd3+ 50. Kg1 Rb1+ 0-1

[Event "31st International Chess Tournament – Voivoda Cup"]
[Site "Legnica, LETIA "]
[Date "1899-12-30"]
[Round "5.4"]
[White "Kanarek, Marcel"]
[Black "Stupak, Kirill"]
[Result "1/2-1/2"]
[WhiteTitle "IM"]
[BlackTitle "GM"]
[WhiteElo "2519"]
[BlackElo "2545"]

1. e4 c6 2. d4 d5 3. Nc3 a6 4. Bd3 h6 5. h3 dxe4 6. Nxe4 Bf5 7. Nf3 e6 8. Bf4 Bxe4
9. Bxe4 Nf6 10. Bd3 Bd6 11. Bd2 Qc7 12. c4 Nbd7 13. c5 Bf4 14. Bxf4 Qxf4 15. O-O
O-O 16. Qe2 Qc7 17. Rac1 b6 18. cxb6 Qxb6 19. Ne5 Qxd4 20. Nxc6 Qb6 21. b4 Nd5
22. Rc4 Kh8 23. Rfc1 Rac8 24. Bb1 Rc7 25. Qc2 N7f6 26. a3 Rfc8 27. Rc5 g6 28.
Ne5 Kg7 29. Nxg6 Rxc5 30. bxc5 Qa5 31. Ne5 Qxa3 32. c6 Rc7 33. Qc4 Kf8 34. Bd3
Qb2 35. Qc5+ Kg7 36. Re1 Qb4 37. Qc1 a5 38. Qa1 Qc3 39. Rc1 Qxa1 40. Rxa1 Ra7
41. Nc4 Nb4 42. Rxa5 Rc7 43. Ne5 Nxc6 44. Nxc6 Rxc6 45. Ra1 1/2-1/2

[Event "31st International Chess Tournament – Voivoda Cup"]
[Site "Legnica, LETIA "]
[Date "1899-12-30"]
[Round "5.5"]
[White "Gajek, Radoslaw"]
[Black "Donchenko, Alexander"]
[Result "1/2-1/2"]
[WhiteTitle "IM"]
[BlackTitle "GM"]
[WhiteElo "2426"]
[BlackElo "2582"]

1. c4 c5 2. Nf3 Nc6 3. Nc3 g6 4. e3 Nf6 5. d4 cxd4 6. exd4 d5 7. cxd5 Nxd5 8. Qb3
e6 9. Bb5 Qd6 10. Bd2 Bg7 11. Ne4 Qc7 12. Qa3 Bf8 13. Qa4 Bg7 14. Ba5 Qb8 15.
Bb4 Ndxb4 16. Qxb4 Bf8 17. Qc3 Be7 18. d5 O-O 19. d6 Bd8 20. Bxc6 bxc6 21. O-O-O
f5 22. Nc5 Bf6 23. Ne5 Rd8 24. Qd4 Rxd6 25. Qxd6 Bxe5 26. Qxb8 Rxb8 27. b3 Kf7
28. Rhe1 Bc7 29. Nd3 Kf6 30. f4 g5 31. g3 a5 32. Kb2 gxf4 33. gxf4 a4 34. Rc1
axb3 35. axb3 Rb6 36. Ne5 Ra6 37. Ra1 Rxa1 38. Kxa1 Ba5 39. Re2 Bc3+ 40. Kb1 Ba6
41. Rc2 Bxe5 42. fxe5+ Kxe5 43. Rxc6 Bd3+ 44. Kc1 f4 45. Kd2 Be4 46. Rc3 Kd6 47.
b4 Bc6 48. Rd3+ Bd5 49. Rh3 Be4 50. b5 Kc5 51. Rh5+ Bf5 52. Ke2 Kxb5 53. Kf3 Kc5
54. Kxf4 Kd6 55. h4 Ke7 56. Kg5 Bg6 57. Rh6 Kd6 58. h5 Bd3 59. Rf6 Kd5 60. Rf7
Ke5 61. Kh6 Bf5 62. Kg7 Kf4 63. h6 e5 64. Rxf5+ Kxf5 65. Kxh7 e4 66. Kg7 e3 67.
h7 Ke5 1/2-1/2